000 00669nam a2200241 i 4500
001 C2-0078357
003 PPAK
005 20180727083112.0
008 970429s1993 paua|||| ||||| | eng d
020 _a0875965555
040 _aPPAK
_beng
_cPPAK
_erda
082 0 4 _a635.0484
_223
090 0 0 _a635.0484
_bEXP
_dG
245 0 4 _aThe experts book of garden hints
250 _aBradley Fern Marshall
264 1 _aEmmaus, Pennsylvania :
_bRodale Press ,
_c1993.
300 _a346 pages :
_billustrations ;
_c24 cm
336 _2rdacontent
_atext
337 _2rdamedia
_aunmediated
338 _2rdacarrier
_avolume
650 1 0 _aOrganic gardening
942 _ddc
_cB
999 _c13021
_d13021